<?xml version="1.0" encoding="UTF-8"?>
<record
    xmlns:xsi="http://www.w3.org/2001/XMLSchema-instance"
    xsi:schemaLocation="http://www.loc.gov/MARC21/slim http://www.loc.gov/standards/marcxml/schema/MARC21slim.xsd"
    xmlns="http://www.loc.gov/MARC21/slim">

  <leader>02043nam a22003497i 4500</leader>
  <controlfield tag="003">DO-SdBNP</controlfield>
  <controlfield tag="005">20260516164736.0</controlfield>
  <controlfield tag="007">ta</controlfield>
  <controlfield tag="008">210622e1994    dr abc|er|||| 001 0dspa d</controlfield>
  <datafield tag="040" ind1=" " ind2=" ">
    <subfield code="a">DO-SdBNP</subfield>
    <subfield code="b">spa</subfield>
    <subfield code="c">BNPHU</subfield>
    <subfield code="e">rda</subfield>
  </datafield>
  <datafield tag="041" ind1=" " ind2=" ">
    <subfield code="a">spa</subfield>
  </datafield>
  <datafield tag="082" ind1=" " ind2=" ">
    <subfield code="a">327.116</subfield>
    <subfield code="b">T233a</subfield>
    <subfield code="2">23</subfield>
  </datafield>
  <datafield tag="100" ind1="1" ind2=" ">
    <subfield code="a">Taveras P. , Juan A.</subfield>
    <subfield code="d">1950 -</subfield>
    <subfield code="9">78958</subfield>
    <subfield code="4">aut.</subfield>
    <subfield code="e">autor</subfield>
  </datafield>
  <datafield tag="245" ind1="1" ind2="3">
    <subfield code="a">Arde el imperio : </subfield>
    <subfield code="b">la importancia de la OTAN, la seguridad de Europa y la amenaza latente del Golfo P&#xE9;rsico /</subfield>
    <subfield code="c">Juan A. Taveras P.</subfield>
  </datafield>
  <datafield tag="250" ind1=" " ind2=" ">
    <subfield code="a">Primera edici&#xF3;n</subfield>
  </datafield>
  <datafield tag="260" ind1=" " ind2=" ">
    <subfield code="a">Santo Domingo, Rep&#xFA;blica Dominicana : </subfield>
    <subfield code="b">Editora Alfa &amp; Omega,</subfield>
    <subfield code="c">1994</subfield>
  </datafield>
  <datafield tag="300" ind1=" " ind2=" ">
    <subfield code="a">93 p&#xE1;ginas :</subfield>
    <subfield code="b">ilustarciones, mapas, retratos.;</subfield>
    <subfield code="c">21 cm</subfield>
  </datafield>
  <datafield tag="336" ind1=" " ind2=" ">
    <subfield code="2">rdacontent</subfield>
    <subfield code="a">texto</subfield>
    <subfield code="b">txt</subfield>
  </datafield>
  <datafield tag="337" ind1=" " ind2=" ">
    <subfield code="2">rdamedia</subfield>
    <subfield code="a">sin mediaci&#xF3;n</subfield>
    <subfield code="b">n</subfield>
  </datafield>
  <datafield tag="338" ind1=" " ind2=" ">
    <subfield code="2">rdacarrier</subfield>
    <subfield code="a">volumen</subfield>
    <subfield code="b">nc</subfield>
  </datafield>
  <datafield tag="504" ind1=" " ind2=" ">
    <subfield code="a">Bibliograf&#xED;a,  p. 91 - 93</subfield>
  </datafield>
  <datafield tag="505" ind1="0" ind2="0">
    <subfield code="a">Introducci&#xF3;n.</subfield>
    <subfield code="g">Cap&#xED;tulo I</subfield>
    <subfield code="t">La creaci&#xF3;n de la alianza militar del Atl&#xE1;ntico.-- Historia de la Alianza Atl&#xE1;ntica.-- Crisis del comunismo. -- </subfield>
    <subfield code="g">Cap&#xED;tulo II.</subfield>
    <subfield code="t">Fin de la guerra fr&#xED;a entre los dos bloques ideol&#xF3;gicos.-- La guerra del Golfo P&#xE9;rsico.-- Participaci&#xF3;n de Alemania en la primera y segunda guerras mundiales.-- De la divisi&#xF3;n a la unidad alemana.-- </subfield>
    <subfield code="g">Cap&#xED;tulo III.</subfield>
    <subfield code="t">El compromiso norteamericano con Europa.-- La cooperaci&#xF3;n entre las rep&#xFA;blicas de la ex-rep&#xFA;blica URSS-- La OTAN y la pacificaci&#xF3;n de la ex-Yugoslavia.-- La federaci&#xF3;n entre Croacia y Bosnia.-- Situaci&#xF3;n actual de la ciudad de Gorazde y la OTAN.-- Alianza militar con afinidad a la OTAN.-- Alianza comercial euro-americana </subfield>
  </datafield>
  <datafield tag="505" ind1="0" ind2="0">
    <subfield code="a">Bibliograf&#xED;a.</subfield>
  </datafield>
  <datafield tag="590" ind1=" " ind2=" ">
    <subfield code="a">Inventariado, 2023 / DG</subfield>
  </datafield>
  <datafield tag="610" ind1=" " ind2="7">
    <subfield code="2">librunam</subfield>
    <subfield code="a">Organizaci&#xF3;n del Tratado del Atl&#xE1;ntico Norte</subfield>
    <subfield code="9">89620</subfield>
    <subfield code="x">Historia</subfield>
  </datafield>
  <datafield tag="650" ind1=" " ind2="7">
    <subfield code="2">lemb</subfield>
    <subfield code="a">Seguridad internacional</subfield>
    <subfield code="y">1990-1999</subfield>
    <subfield code="z">Europa</subfield>
    <subfield code="9">89621</subfield>
  </datafield>
  <datafield tag="650" ind1=" " ind2="7">
    <subfield code="2">lemb</subfield>
    <subfield code="a">Guerra del Golfo, 1991</subfield>
    <subfield code="9">89623</subfield>
  </datafield>
  <datafield tag="651" ind1=" " ind2="7">
    <subfield code="a">Regi&#xF3;n del Golgo P&#xE9;rsico</subfield>
    <subfield code="2">lemb</subfield>
    <subfield code="x">Relaciones militares</subfield>
    <subfield code="9">89622</subfield>
  </datafield>
  <datafield tag="651" ind1=" " ind2="7">
    <subfield code="a">Europa</subfield>
    <subfield code="x">Relaciones militares</subfield>
    <subfield code="z">Estados Unidos</subfield>
    <subfield code="9">89624</subfield>
  </datafield>
  <datafield tag="910" ind1=" " ind2=" ">
    <subfield code="a">DG</subfield>
  </datafield>
  <datafield tag="942" ind1=" " ind2=" ">
    <subfield code="2">ddc</subfield>
    <subfield code="c">LBS1</subfield>
  </datafield>
  <datafield tag="952" ind1=" " ind2=" ">
    <subfield code="0">0</subfield>
    <subfield code="1">0</subfield>
    <subfield code="2">ddc</subfield>
    <subfield code="5">1</subfield>
    <subfield code="7">1</subfield>
    <subfield code="8">PD</subfield>
    <subfield code="a">BNPHU</subfield>
    <subfield code="b">PD</subfield>
    <subfield code="c">HD</subfield>
    <subfield code="d">2018-07-22</subfield>
    <subfield code="e">Donado por Centu</subfield>
    <subfield code="l">0</subfield>
    <subfield code="o">BNPHU PD 327.116 T233a</subfield>
    <subfield code="p">2021-2201</subfield>
    <subfield code="r">2021-06-22</subfield>
    <subfield code="w">2021-06-22</subfield>
    <subfield code="y">LFPD</subfield>
  </datafield>
  <datafield tag="952" ind1=" " ind2=" ">
    <subfield code="0">0</subfield>
    <subfield code="1">0</subfield>
    <subfield code="2">ddc</subfield>
    <subfield code="5">1</subfield>
    <subfield code="7">0</subfield>
    <subfield code="8">PD</subfield>
    <subfield code="a">BNPHU</subfield>
    <subfield code="b">BNPHU</subfield>
    <subfield code="c">CT</subfield>
    <subfield code="d">2023-02-07</subfield>
    <subfield code="l">0</subfield>
    <subfield code="o">BNPHU PD 233a xxx</subfield>
    <subfield code="p">2023-0724</subfield>
    <subfield code="r">2023-02-07</subfield>
    <subfield code="t">e.2</subfield>
    <subfield code="w">2023-02-07</subfield>
    <subfield code="y">LBS1</subfield>
  </datafield>
  <datafield tag="999" ind1=" " ind2=" ">
    <subfield code="c">49981</subfield>
    <subfield code="d">49981</subfield>
  </datafield>
</record>
